MARC

LEADER 00000nam2a2200000 4500
001 324432
005 20231102003652.0
035 |a (RuTPU)RU\TPU\book\350030 
035 |a RU\TPU\book\99367 
090 |a 324432 
100 |a 20161116d1970 k y0rusy50 ca 
101 1 |a rus  |c eng 
102 |a RU 
105 |a a z 001zy 
200 0 |a Т. 9-10  |f пер. и ред. И. И. Абрамсона 
210 |d 1970 
215 |a 372 с.  |c ил. 
320 |a Библиогр. в конце глав 
461 1 |0 (RuTPU)RU\TPU\book\100371  |t Новейшие достижения нефтехимии и нефтепереработки  |l Advances in petroleum chemistry and refining  |o пер. с англ.  |f под ред. Дж. Дж. Мак-Кет  |v Т. 9-10  |d 1960-1970 
606 1 |a Нефть  |x Химия  |2 stltpush  |3 (RuTPU)RU\TPU\subj\33709 
606 1 |a Нефтепереработка  |2 stltpush  |3 (RuTPU)RU\TPU\subj\72833  |9 86220 
610 1 |a нефтехимический синтез 
610 1 |a нефтехимическая промышленность 
610 1 |a экономика 
610 1 |a процессы 
610 1 |a аппараты 
610 1 |a насыщенные углеводороды 
610 1 |a термический крекинг 
610 1 |a газификация 
610 1 |a термохимия 
610 1 |a нефтяные фракции 
610 1 |a депарафинизация 
610 1 |a консистентные смазки 
610 1 |a гидродеалкилирование 
610 1 |a нафталин 
610 1 |a реакции 
610 1 |a нитропарафиновые топлива 
610 1 |a механическое оборудование 
610 1 |a топливо 
610 1 |a нестабильность 
610 1 |a присадки 
610 1 |a моторные топлива 
675 |a 665.6  |v 4 
675 |a 665.63  |v 4 
702 1 |a Абрамсон  |b И. И.  |4 730 
801 1 |a RU  |b 63413507  |c 20060317  |g PSBO 
801 2 |a RU  |b 63413507  |c 20171213  |g PSBO 
942 |c BK